[Event "Quebec op"]
[Site "Montreal"]
[Date "1976.10.09"]
[Round "2"]
[White "Schnitzler, Gabor J"]
[Black "Jobin, Gilles G"]
[Result "1-0"]
[WhiteElo "1989"]
[BlackElo "1725"]
[PlyCount "59"]
[EventDate "1976.10.09"]
[EventType "swiss"]
[EventRounds "6"]
[EventCountry "CAN"]
[SourceTitle "EXT 2022"]
[Source "ChessBase"]
[SourceDate "2021.10.06"]
[SourceVersion "1"]
[SourceVersionDate "2021.10.06"]
[SourceQuality "1"]

1. e4 e5 2. Bc4 Nf6 3. d4 Nc6 4. Nf3 exd4 5. e5 Bb4+ 6. c3 dxc3 7. bxc3 Qe7 8. 0-0 0-0 9. exf6 Qxf6 10. Bg5 Qd6 11. cxb4 Qxb4 12. Qb3 Qa5 13. Nbd2 h6 14. Be3 d6 15. Qb5 a6 16. Qxa5 Nxa5 17. Rfe1 b5 18. Bb3 Bb7 19. Bf4 g5 20. Bg3 Rad8 21. Re7 c5 22. Ne4 Bxe4 23. Rxe4 c4 24. Bc2 f5 25. Re7 f4 26. Rae1 fxg3 27. hxg3 Nc6 28. Rc7 g4 29. Nh4 Ne5 30. Rxe5 1-0